| 000 | 00530nam a2200193Ia 4500 | ||
|---|---|---|---|
| 005 | 20250326145622.0 | ||
| 008 | 250326s9999 xx 000 0 und d | ||
| 037 | _aTextbook | ||
| 040 |
_aFMSL _beng _cFMSL |
||
| 041 |
_aeng _2eng |
||
| 084 |
_aX:98A Q8 _qFMSL |
||
| 100 |
_aHugos M _9746871 |
||
| 245 | 0 |
_aEssetntials of supply chain management _cHugos M |
|
| 260 |
_aNew Jersey _bNew Jersey, Wiley _c2018 |
||
| 365 |
_aUSD _b45.00 |
||
| 650 | _aManagement | ||
| 942 |
_cTB _hX:98A Q8 |
||
| 999 |
_c1308197 _d1308197 |
||